<?xml version="1.0" encoding="UTF-8"?>
<record
    xmlns:xsi="http://www.w3.org/2001/XMLSchema-instance"
    xsi:schemaLocation="http://www.loc.gov/MARC21/slim http://www.loc.gov/standards/marcxml/schema/MARC21slim.xsd"
    xmlns="http://www.loc.gov/MARC21/slim">

  <leader>01533nam a22002777a 4500</leader>
  <controlfield tag="001">114121</controlfield>
  <controlfield tag="003">DR-UNIBE</controlfield>
  <controlfield tag="005">20260219105441.0</controlfield>
  <controlfield tag="008">251001b2018    xxk||||| |||| 00| 0 eng d</controlfield>
  <datafield tag="020" ind1=" " ind2=" ">
    <subfield code="a">9781292221670</subfield>
  </datafield>
  <datafield tag="040" ind1=" " ind2=" ">
    <subfield code="a">BIBLIOTECA UNIBE</subfield>
    <subfield code="c">BIBLIOTECA UNIBE</subfield>
    <subfield code="e">rda</subfield>
  </datafield>
  <datafield tag="041" ind1=" " ind2=" ">
    <subfield code="a">eng</subfield>
  </datafield>
  <datafield tag="082" ind1=" " ind2=" ">
    <subfield code="a">338.4791 C771t 2018</subfield>
  </datafield>
  <datafield tag="100" ind1=" " ind2=" ">
    <subfield code="a">Cook, Roy A. </subfield>
    <subfield code="e">autor</subfield>
    <subfield code="9">199472</subfield>
  </datafield>
  <datafield tag="245" ind1="1" ind2="0">
    <subfield code="a">Tourism : </subfield>
    <subfield code="b">the business of hospitality and travel /</subfield>
    <subfield code="c">Roy A. Cook , Cathy H. C. Hsu, Lorraine Taylor </subfield>
  </datafield>
  <datafield tag="250" ind1=" " ind2=" ">
    <subfield code="a">Sexta edici&#xF3;n</subfield>
  </datafield>
  <datafield tag="260" ind1=" " ind2=" ">
    <subfield code="a">Harlow :</subfield>
    <subfield code="b">Pearson Education,</subfield>
    <subfield code="c">2018</subfield>
  </datafield>
  <datafield tag="300" ind1=" " ind2=" ">
    <subfield code="a">448  p&#xE1;ginas : </subfield>
    <subfield code="b">ilustraciones</subfield>
  </datafield>
  <datafield tag="505" ind1=" " ind2=" ">
    <subfield code="a">PART 1: THE TRAVELING PUBLIC AND TOURISM PROMOTERS |

1.	Introducing the World&#x2019;s Largest Industry, Tourism |
2.	Marketing to the Traveling Public |
3.	Delivering Quality Tourism Services |
4.	Bringing Travelers and Tourism Service Suppliers Together |
5.	Capturing Technology&#x2019;s Competitive Advantages |

PART 2: TOURISM SERVICE SUPPLIERS |

6.	Transportation |
7.	Accommodations |
8.	Food and Beverage |
9.	Attractions and Entertainment |
10.	Destinations |

PART 3: THE TOURISM ENVIRONMENT

11.	Economic and Political Impacts of Tourism |
12.	Environmental and Social/Cultural Impacts of Tourism |
13.	Sustaining Tourism&#x2019;s Benefits |
14.	The Future of Tourism |
</subfield>
  </datafield>
  <datafield tag="650" ind1=" " ind2="7">
    <subfield code="2">lemb</subfield>
    <subfield code="a">Turismo</subfield>
  </datafield>
  <datafield tag="653" ind1="0" ind2="0">
    <subfield code="a">Hosteler&#xED;a</subfield>
  </datafield>
  <datafield tag="653" ind1="0" ind2="0">
    <subfield code="a">Alojamiento</subfield>
  </datafield>
  <datafield tag="700" ind1="1" ind2=" ">
    <subfield code="a"> Hsu, Cathy H. C.</subfield>
    <subfield code="e">autor</subfield>
    <subfield code="9">199475</subfield>
  </datafield>
  <datafield tag="700" ind1=" " ind2=" ">
    <subfield code="a"> Taylor,  Lorraine L</subfield>
    <subfield code="e">autor</subfield>
    <subfield code="9">200845</subfield>
  </datafield>
  <datafield tag="942" ind1=" " ind2=" ">
    <subfield code="2">ddc</subfield>
    <subfield code="c">BK</subfield>
  </datafield>
  <datafield tag="999" ind1=" " ind2=" ">
    <subfield code="c">114121</subfield>
    <subfield code="d">114121</subfield>
  </datafield>
  <datafield tag="952" ind1=" " ind2=" ">
    <subfield code="0">0</subfield>
    <subfield code="1">0</subfield>
    <subfield code="2">ddc</subfield>
    <subfield code="7">0</subfield>
    <subfield code="8">GEN</subfield>
    <subfield code="a">Principal</subfield>
    <subfield code="d">2025-10-02</subfield>
    <subfield code="l">0</subfield>
    <subfield code="o">338.4791 C771t 2018</subfield>
    <subfield code="p">251041</subfield>
    <subfield code="r">2025-10-02 10:34:20</subfield>
    <subfield code="t">Ej. 1</subfield>
    <subfield code="w">2025-10-02</subfield>
    <subfield code="y">BK</subfield>
  </datafield>
</record>
